| 000 | 01344naa a22003017a 4500 | ||
|---|---|---|---|
| 001 | BR8104691 | ||
| 003 | BR-BrBNA | ||
| 005 | 20250716171942.0 | ||
| 007 | ta | ||
| 008 | 250630b bl.|||m| |||| 00| 0 por d | ||
| 040 |
_aBR-BrBNA _bpor _cBiblioteca Nacional de Agricultura |
||
| 041 | _a(Pt) | ||
| 072 |
_aP05; E10; E15 _b8961 _b8905 _bG514 |
||
| 090 | _aP05 BR8104691 | ||
| 100 | 1 | _aLima, T.B. de S. | |
| 111 | 1 |
_a1. Congresso Brasileiro de Mandioca _cSalvador, BA (Brazil) _d25 Nov 1979 |
|
| 245 | 1 | _aSignificado da usina de curvelo no programa nacional do alcool [Economia da producao; Tecnologia agricola; Analise economica; Combustivel; Brasil] | |
| 500 | _aAnais do 1. Congresso Brasileiro de Mandioca, v. 2: Alimentacao humana e animal. Alcool Cruz das Almas, BA (Brasil): 1981. p. 211-239 [37 ref.] (BR8104691-AMS) | ||
| 773 | 0 |
_tAnais do 1. Congresso Brasileiro de Mandioca, v. 2: Alimentacao humana e animal. Alcool _wP05 BR8104691 _gCruz das Almas, BA (Brasil), 1981. p. 211-239 |
|
| 650 | _aALCOOL | ||
| 650 | _aCOMBUSTIVEL | ||
| 650 | _aECONOMIA DA PRODUCAO | ||
| 650 | _aTECNOLOGIA AGRICOLA | ||
| 650 | _aANALISE ECONOMICA | ||
| 490 |
_aDocumentos - Empresa Brasileira de Pesquisa Agropecuaria. Depto. de Informacao e Documentacao (Brazil) _vno. 18 |
||
| 942 |
_cAMS _2AGRIS |
||
| 909 |
_a202506 _bLúcia _c55 _dLúcia Elande |
||
| 999 |
_c333796 _d333796 |
||